Personagens Principais Star Wars - Statistics

Estatísticas Gerais
  • Esse quiz foi jogado 61 vezes
  • A pontuação média é 22 de 52
Estatísticas das Respostas
Hint Resposta % Correto
5 Leia
96%
4 Luke
96%
1 Darth Vader
95%
6 Yoda
95%
10 Han Solo
91%
2 Anakin
89%
3 Obi Wan
89%
9 R2
87%
8 C3PO
85%
7 Palpatine
84%
36 Darth Maul
76%
12 Padme
76%
11 Chewbacca
75%
16 Qui Gon
67%
17 Rey
65%
27 Jabba
64%
43 Boba Fett
58%
14 Lando
58%
39 Jar Jar Binks
56%
18 Kylo Ren
53%
20 Finn
49%
42 Jango Fett
49%
25 Ahsoka
47%
38 General Grievous
47%
13 Dookan
45%
15 Windu
44%
51 BB8
35%
45 Tarkin
35%
31 Rex
33%
21 Poe
29%
32 Cody
25%
33 Kit Fisto
22%
19 Ben Solo
18%
34 Ki Adi Mundi
16%
49 Owen
13%
52 Rose
13%
41 Snoke
13%
47 Panaka
11%
23 Senador Organa
11%
29 Shaak Ti
11%
26 Shmi Skywalker
11%
48 Watto
9%
28 Ewoks
7%
50 Hux
7%
35 Plo Koon
7%
22 Vice Rei
7%
44 Phasma
5%
24 Chanceler Valorum
4%
37 Darth Plagueis
4%
30 Luminara
4%
46 Pride
2%
40 Tarfful
2%
Nenhum quiz correspondente encontrado
Distribuição das Pontuações
Porcentagem de Pessoas com Cada Pontuação
Percentil de Números Respondidos
Sua Pontuação Histórica
Você não jogou esse quiz